| 000 | 00812nam a22002297a 4500 | ||
|---|---|---|---|
| 003 | UA-OsUOA | ||
| 001 | 108812 | ||
| 007 | ta | ||
| 008 | 20141111b un ||||| |||| 00| 0 ukr d | ||
| 090 |
_a281.9(063)(082) _bП68 |
||
| 942 | _cBK | ||
| 040 |
_aUA-OsUOA _bukr _cUA-OsUOA _dUA-OsUOA |
||
| 245 |
_aПравославні духовні цінності і сучасність _bМатеріали Міжнародної науково-практичної конференції, Київ, 21 березня 2003 р. _cред. В. Д. Боднар |
||
| 300 | _a324 с. | ||
| 955 | _a1 | ||
| 041 | _aukr | ||
| 080 | _a281.9(063)(082) | ||
| 020 | _a966-608-303-5 | ||
| 260 |
_aК. _bМАУП _c2003 |
||
| 650 | 7 |
_a281.9 Східна православна церква і скопці _2UDC |
|
| 999 |
_c394640 _d394640 |
||